〈ディズニー〉原題から映画のタイトルを当てる - Statistics

General Stats
  • This quiz has been taken 357 times
  • The average score is 21 of 30
Answer Stats
英題 邦題 % Correct
Cars カーズ
98%
Zootopia ズートピア
98%
Frozen アナと雪の女王
95%
Monsters, Inc. モンスターズ・インク
92%
Toy Story トイ・ストーリー
90%
Pinocchio ピノキオ
89%
The Lion King ライオン・キング
89%
Finding Nemo ファインディング・ニモ
87%
Dumbo ダンボ
85%
Alice in Wonderland ふしぎの国のアリス
84%
Cinderella シンデレラ
83%
Beauty and the Beast 美女と野獣
82%
Lilo & Stitch リロ・アンド・スティッチ
78%
Pirates of the Caribbean パイレーツ・オブ・カリビアン
77%
Sleeping Beauty 眠れる森の美女
77%
One Hundred and One Dalmatians 101匹わんちゃん
75%
Inside Out インサイド・ヘッド
74%
Snow White And The Seven Dwarfs 白雪姫
72%
Moana モアナと伝説の海
70%
Winnie the Pooh くまのプーさん
68%
The Incredibles Mr.インクレディブル
68%
Big Hero 6 ベイマックス
55%
A Bug's Life バグズ・ライフ
47%
Up カールじいさんの空飛ぶ家
46%
WALL-E ウォーリー
43%
Coco リメンバー・ミー
42%
The Chronicles of Narnia ナルニア国物語
41%
Ratatouille レミーのおいしいレストラン
40%
Wreck-It Ralph シュガー・ラッシュ
34%
Tangled 塔の上のラプンツェル
33%
No matching quizzes found
Score Distribution
Percent of People with Each Score
Percentile by Number Answered
Your Score History
You have not taken this quiz